Gaming Quiz

Random Gaming Quiz

Mlg cod players Quiz Stats

 Plays Quiz not verified by Sporcle

Also try: Yahtzee Categories
Challenge
Share
Tweet
Embed
Score 0/20 Timer 10:00
0 Plays Today
Hint Answer % Correct
opticnadeshot
95.3%
optic scump
94.4%
colcrimsix
83.9%
opticclayster
79.8%
colkarma
74.8%
colaches
69.2%
opticbigtymer
65.6%
nvproofy
64.3%
optic mboze
63.6%
fazejkap
63.6%
Hint Answer % Correct
curselv parasite
63.4%
nvmerk
61.3%
tksharp
58.9%
dropped killa
53.6%
nvrambo
52.9%
nv nameless
41.7%
tktheory
39.8%
curselv ricky
38.7%
fuse thing2
12%
fuse historify
10.8%

You're not logged in!

Compare scores with friends on all Sporcle quizzes.
OR
Log In

You Might Also Like...

Show Comments

Extras

Created Jan 11, 2014ReportNominate
Tags:cod, mlg, player

Top Quizzes Today


Score Distribution

Your Account Isn't Verified!

In order to create a playlist on Sporcle, you need to verify the email address you used during registration. Go to your Sporcle Settings to finish the process.

Report this User

Report this user for behavior that violates our Community Guidelines.

Details: